Direitos da criança (Registo nº 4240)

Detalhes MARC
000 -Etiqueta do registo
Cabeçalho 00889nam a2200301 4500
005 - Identificador da versão
Campo de controlo 20240813122056.0
010 ## - Número internacional normalizado dos livros (ISBN)
Número (ISBN) 9789895008520
Número (ISBN) 989-50-0852-X
021 ## - Número do Depósito Legal
Código do país PT
Número 245660/06
100 ## - Dados gerais de processamento
Dados gerais de processamento 20080123d2006 cd y0pory5003 ba
102 ## - Pais de publicação ou produção
País de publicação Portugal
101 0# - Língua de publicação
Língua do texto, banda sonora, etc. Português
106 ## - Campo de dados codificados: material textual
Dados codificados do material textual r
105 ## - Campo de dados codificados: livros
Dados codificados dos livros a z 000yy
215 ## - Descrição física 
Indicação específica da natureza do documento e extensão da espécie 45, [3] p.
Outras indicações físicas muito il.
Dimensões 22 cm
200 1# - Titulo e menção de responsabilidade
Título próprio Direitos da criança
Primeira menção de responsabilidade Maria João Carvalho
Outras menções de responsabilidade il. Carla Nazareth
225 1# - Colecção 
Título próprio da colecção Montanha encantada.
Nome de uma parte ou secção Primeiros leitores
210 ## - Publicação, Distribuição, etc. 
Lugar da edição, distribuição, etc. Rio de Mouro
Nome do editor, distribuidor, etc. Everest
Data da publicação, distribuição, etc. imp. 2006
606 ## - Nome comum usado como assunto
Número de registo de entrada de autoridade 0000912
Palavra de ordem Crianças
Subdivisão de assunto Direitos
-- [Publicações infantis]
Código do sistema SIPOR
675 ## - Classificação Decimal Universal (CDU)
Notação 087.5
Edição BN
Língua da edição por
Notação 342.7(0.053.2)
Edição BN
Língua da edição por
702 #1 - Nome de autor-pessoa física (responsabilidade secundária)
Número de registo de entrada de autoridade 0000653
Palavra de ordem Nazareth
Outra parte do nome não tomada para palavra de ordem Carla
Datas 1975-
Código de função Ilustrador / Técnico de desenho computorizado
700 #1 - Nome de autor-pessoa física (responsabilidade principal)
Número de registo de entrada de autoridade 0000914
Palavra de ordem Carvalho
Outra parte do nome não tomada para palavra de ordem Maria João
942 ## - Elementos de entrada adicionados (Koha)
Tipo de item no Koha Livro
Exemplares
Situação do levantamento Origin of item (home branch) (coded) Biblioteca de empréstimo Código de barras Cota Circulation type (not for loan) Tipo de documento Nota do exemplar Damaged status
  Biblioteca Escolar das Vendas Biblioteca Escolar das Vendas BEV1542 3 CAR   Livro Sem mensagem